Literary Characters - E’s - Statistics

General Stats
  • This quiz has been taken 32 times
  • The average score is 7 of 20
Answer Stats
Hint Answer % Correct
Haunted by three spirits in London, he must confront the selfish life he's lived Ebenezer Scrooge
88%
Lives at Hartfield and plays matchmaker for Harriet, while remaining oblivious to her feelings for Mr. Knightley Emma Woodhouse
73%
Broods in Forks, Washington, struggling with his love for Bella Swan Edward Cullen
69%
Lives in the Hundred Acre Wood, often loses his tail, and always expects the worst Eeyore
69%
Lives at Longbourn, clashes with Darcy at first, then sees past his pride to something deeper Elizabeth Bennet
54%
Green-skinned and sharp-witted, she's labeled "wicked" as she challenges the Wizard's authority in Oz Elphaba
42%
Disguises herself as a man to ride with the Rohirrim and kills the Witch-king on the Pelennor Fields Eowyn
35%
Warden of the North and father to Arya, Sansa, and Jon; beheaded in King's Landing for treason Eddard Stark
31%
Dressed to Capitol standards, she escorts Katniss and Peeta through the Games Effie Trinket
31%
Escapes Chateau d'If and reinvents himself to exact revenge on Fernand, Danglars, and Villefort Edmond Dantes
27%
Finds a dragon egg near Carvahall and becomes a rider, caught in rebellion against Galbatorix Eragon
27%
Trained at Battle School to command the fleet against the Formics and unknowingly leads a real attack Ender Wiggin
23%
Raised by Miss Havisham to break men's hearts; becomes Pip's distant and cold obsession Estella Havisham
19%
Keeps her feelings for Edward Ferrars hidden while guiding her family through financial ruin Elinor Dashwood
15%
An anxious teen who becomes a viral sensation after a lie involving Connor Murphy's suicide spirals Evan Hansen
15%
Legendary film star who recounts her seven marriages and secret love to journalist Monique Grant Evelyn Hugo
15%
Lives in a 66-floor penthouse and obsesses over being "in"; helps Count Olaf torment the Baudelaires Esme Squalor
12%
A lady-in-waiting at Inys, secretly guarding the queen while hiding her magical training from the Priory Ead Duryan
4%
Top student at Blackcliff Academy, is torn between duty to the Empire and his conscience Elias Veturius
4%
Seeks to break her sister's curse and crosses paths with Jacks in the North, risking everything for love Evangeline Fox
4%
No matching quizzes found
Score Distribution
Percent of People with Each Score
Percentile by Number Answered
Your Score History
You have not taken this quiz